عرض عادي
عرض مارك
- بكار، ياسر عبد الكريم
مدخل إسم شخص
001 - رقم الضبط
- حقل الضبط: 37013
003 - معرف رقم الضبط
- حقل الضبط: OSt
005 - تاريخ ووقت أخر عملية
- حقل الضبط: 20130921195510.0
008 - عناصر بيانات ثابتة الطول
- حقل تحكم ثابت الطول: 130921|||a|||||| | ||| d
040 ## - مصدر الفهرسة
- هيئة الفهرسة الأصلية: OSt
- وكالة الكتابة: OSt
100 ## - مدخل -- أسم شخص
- إسم شخص: بكار، ياسر عبد الكريم
670 ## - بيانات المصدر موجوده
- الاستشهاد بالمصدر: Work cat.: (OSt): بكار، ياسر عبد الكريم , القوة في يديك :, 2012 1433
